Giáo trình luật tố tụng hình sự Việt Nam

Nội dung sách giới thiệu về khởi tố vụ án hình sự, điều tra vụ án hình sự, xét xử sơ thẩm vụ án hình sự, xét xử phúc thẩm vụ án hình sự, xét lại bản án và quyết định có hiệu lực pháp luật....

Description complète

Enregistré dans:
Détails bibliographiques
Auteur principal: Phạm, Văn Beo
Format: Livre
Langue:Undetermined
Publié: Cần Thơ Trường Đại học Cần Thơ 2017
Sujets:
Tags: Ajouter un tag
Pas de tags, Soyez le premier à ajouter un tag!
Thư viện lưu trữ: Trung tâm Học liệu Trường Đại học Cần Thơ
LEADER 00961nam a2200205Ia 4500
001 CTU_227073
008 210402s9999 xx 000 0 und d
082 |a 345.597 
082 |b B205/HP.2 
100 |a Phạm, Văn Beo 
245 0 |a Giáo trình luật tố tụng hình sự Việt Nam 
245 0 |c Phạm Văn Beo (chủ biên) 
260 |a Cần Thơ 
260 |b Trường Đại học Cần Thơ 
260 |c 2017 
520 |a Nội dung sách giới thiệu về khởi tố vụ án hình sự, điều tra vụ án hình sự, xét xử sơ thẩm vụ án hình sự, xét xử phúc thẩm vụ án hình sự, xét lại bản án và quyết định có hiệu lực pháp luật. 
650 |a Tố tụng hình sự,Criminal procedure 
650 |z Việt Nam,Vietnam 
910 |b dqhieu 
980 |a Trung tâm Học liệu Trường Đại học Cần Thơ